| 000 | 00359nam a22001457a 4500 | ||
|---|---|---|---|
| 082 |
_a923.154 _bMAL |
||
| 100 | _aMalleson, G.B | ||
| 245 |
_aRulers of India Akbar _c G.B.Malleson, |
||
| 260 | _aLondon | ||
| 300 | _a204p,: | ||
| 526 |
_a0 _b0 _c0 _d923_154000000000000_MAL |
||
| 526 |
_a0 _b0 _c0 _d954_030000000000000 |
||
| 650 |
_aMCE _9379 |
||
| 942 |
_2ddc _cBK |
||
| 999 |
_c552670 _d552670 |
||